000 00800nas1a22002651i 4500
001 RU\NLR\BIBL_A\011990985
005 20241103081630.0
035 _a(NLR Aleph) 011990985
090 _a11358260
_c11358260
100 _a20190416a20199999|||y0rusy50 ca
101 0 _arus
102 _aRU
110 _aauuzz 0|y|
200 1 _a17:40
207 0 _a2019, № 1 (1) -
210 _aРыбинск
_c[б. и.]
_d2019 -
606 _aДетская литература
_jПериодические издания
_9888210
_3RU\NLR\AUTH\66461
686 3 _aШ8я5
852 _aNLR
_jП29/2134
942 _cJOURNAL
980 _aRUSPER